00474nam a2200145Ia 45000010005000000080041000050200022000460820020000681000018000882450148001062600025002545900007002799010027002869990015003132514241024s9999 xx 000 0 und d a978-9945-020-71-7 aRD/363.34/G393b a[*SIN AUTOR*] 0aGestión de riesgos para la prevención y mitigación de desastres en el patrimonio documental / Sofia Borrego Alonso...[et al].-- edición bEditora Búhoc2009 asi a20/9/2012 8:45:56 a.m. c9362d9362